header

Explorations in functional syntax (Record no. 8108)

MARC details
000 -LEADER
fixed length control field 01423nam a2200349 a 4500
001 - CONTROL NUMBER
control field ebr10697009
003 - CONTROL NUMBER IDENTIFIER
control field CaPaEBR
006 - FIXED-LENGTH DATA ELEMENTS--ADDITIONAL MATERIAL CHARACTERISTICS--GENERAL INFORMATION
fixed length control field m o u
007 - PHYSICAL DESCRIPTION FIXED FIELD--GENERAL INFORMATION
fixed length control field cr cn|||||||||
008 - FIXED-LENGTH DATA ELEMENTS--GENERAL INFORMATION
fixed length control field 040120s2004 enk sb 001 0 eng d
010 ## - LIBRARY OF CONGRESS CONTROL NUMBER
Canceled/invalid LC control number 2004001334
020 ## - INTERNATIONAL STANDARD BOOK NUMBER
Cancelled/invalid ISBN 1904768008 (hb)
Cancelled/invalid ISBN 9781904768005
Cancelled/invalid ISBN 9781845535575 (e-book)
040 ## - CATALOGING SOURCE
Original cataloging agency CaPaEBR
Transcribing agency CaPaEBR
035 ## - SYSTEM CONTROL NUMBER
System control number (OCoLC)849930886
050 14 - LIBRARY OF CONGRESS CALL NUMBER
Classification number P291
Item number .M59 2004eb
082 04 - DEWEY DECIMAL CLASSIFICATION NUMBER
Classification number 415
Edition number 22
100 1# - MAIN ENTRY--PERSONAL NAME
Personal name Morley, G. David
Fuller form of name (George David),
Dates associated with a name 1943-
245 10 - TITLE STATEMENT
Title Explorations in functional syntax
Medium [electronic resource] :
Remainder of title a new framework for lexicogrammatical analysis /
Statement of responsibility, etc G. David Morley.
260 ## - PUBLICATION, DISTRIBUTION, ETC. (IMPRINT)
Place of publication, distribution, etc London ;
-- Oakville, Conn. :
Name of publisher, distributor, etc Equinox Pub.,
Date of publication, distribution, etc 2004.
300 ## - PHYSICAL DESCRIPTION
Extent 215 p.
504 ## - BIBLIOGRAPHY, ETC. NOTE
Bibliography, etc Includes bibliographical references (p. [201]-208) and index.
505 0# - FORMATTED CONTENTS NOTE
Formatted contents note pt. 1. Grammar in context -- pt. 2. Syntactic units, elements and structure.
533 ## - REPRODUCTION NOTE
Type of reproduction Electronic reproduction.
Place of reproduction Palo Alto, Calif. :
Agency responsible for reproduction ebrary,
Date of reproduction 2013.
Note about reproduction Available via World Wide Web.
-- Access may be limited to ebrary affiliated libraries.
650 #0 - SUBJECT ADDED ENTRY--TOPICAL TERM
Topical term or geographic name as entry element Grammar, Comparative and general
General subdivision Syntax.
Topical term or geographic name as entry element Semantics.
Topical term or geographic name as entry element Functionalism (Linguistics)
655 #7 - INDEX TERM--GENRE/FORM
Genre/form data or focus term Electronic books.
Source of term local
710 2# - ADDED ENTRY--CORPORATE NAME
Corporate name or jurisdiction name as entry element ebrary, Inc.
856 40 - ELECTRONIC LOCATION AND ACCESS
Uniform Resource Identifier <a href="http://site.ebrary.com/lib/rucke/Doc?id=10697009">http://site.ebrary.com/lib/rucke/Doc?id=10697009</a>
Public note An electronic book accessible through the World Wide Web; click to view

No items available.

© 2026 Rongo University
Contact us: librarian | system librarian | Rongo university